[Event "Budapest FS09 FM-B"]
[Site "Budapest"]
[Date "2014.09.12"]
[Round "7"]
[White "Marcu, Simon"]
[Black "Bella, Zsolt"]
[Result "1-0"]
[WhiteElo "1877"]
[BlackElo "1413"]
[PlyCount "91"]
[EventDate "2014.09.06"]
[EventType "tourn"]
[EventRounds "11"]
[EventCountry "HUN"]
[SourceTitle "CBM 162 Extra"]
[Source "ChessBase"]
[SourceDate "2014.10.17"]
[SourceVersion "1"]
[SourceVersionDate "2014.10.17"]
[SourceQuality "1"]

1. d4 g6 2. c4 d6 3. Nc3 Bg7 4. e4 Nf6 5. Bd3 Nc6 6. Nge2 e5 7. d5 Ne7 8. f3 0-0 9. Be3 b6 10. Qd2 a6 11. g4 Ne8 12. 0-0-0 c5 13. h4 h5 14. gxh5 gxh5 15. Ng3 f5 16. Nxh5 f4 17. Bf2 Ra7 18. Rdg1 Rf7 19. Be1 Kh7 20. Nxg7 Nxg7 21. h5 Qf8 22. Bf1 Bd7 23. Bh3 Bxh3 24. Rxh3 b5 25. cxb5 axb5 26. Nxb5 Rxa2 27. Nxd6 Rf6 28. Nc4 Qe8 29. Qg2 Ra1+ 30. Kd2 Ne6 31. dxe6 Qd8+ 32. Kc3 Qd4+ 33. Kb3 Qd3+ 34. Bc3 Rxg1 35. Qxg1 Rxe6 36. Qxc5 Qd1+ 37. Ka2 Ra6+ 38. Na3 Qd7 39. Qxe5 Qe6+ 40. Qxe6 Rxe6 41. Bd2 Rf6 42. Rh4 Nc6 43. Rxf4 Rd6 44. Nc4 Nb4+ 45. Bxb4 Kh6 46. Bxd6 1-0

[Event "Budapest FS09 FM-B"]
[Site "Budapest"]
[Date "2014.09.11"]
[Round "6"]
[White "Bella, Zsolt"]
[Black "Alkire, Brian James"]
[Result "0-1"]
[WhiteElo "1413"]
[BlackElo "1459"]
[PlyCount "40"]
[EventDate "2014.09.06"]
[EventType "tourn"]
[EventRounds "11"]
[EventCountry "HUN"]
[SourceTitle "CBM 162 Extra"]
[Source "ChessBase"]
[SourceDate "2014.10.17"]
[SourceVersion "1"]
[SourceVersionDate "2014.10.17"]
[SourceQuality "1"]

1. d4 Nf6 2. c4 e6 3. Nc3 Bb4 4. Qc2 0-0 5. c5 b6 6. a3 Bxc3+ 7. Qxc3 Bb7 8. Bg5 Re8 9. Nf3 d6 10. b4 h6 11. Bxf6 Qxf6 12. Rd1 Nc6 13. e4 Qg6 14. Be2 Qxe4 15. Qb2 e5 16. 0-0 Nxd4 17. Rd3 Nxe2+ 18. Kh1 Qxd3 19. Ne1 Ng3+ 20. hxg3 Qxf1+ 0-1

[Event "Budapest FS10 FM-B"]
[Site "Budapest"]
[Date "2013.10.13"]
[Round "9"]
[White "Bella, Zsolt"]
[Black "Takacs, Zsolt Otto"]
[Result "0-1"]
[WhiteElo "1396"]
[BlackElo "1800"]
[PlyCount "29"]
[EventDate "2013.10.05"]
[EventType "tourn"]
[EventRounds "11"]
[EventCountry "HUN"]
[SourceTitle "EXT 2014"]
[Source "ChessBase"]
[SourceDate "2013.11.20"]
[SourceVersion "1"]
[SourceVersionDate "2013.11.20"]
[SourceQuality "1"]

1. d4 Nf6 2. c4 g6 3. Nc3 d5 4. Nf3 Bg7 5. e3 0-0 6. c5 b6 7. b4 bxc5 8. bxc5 Ne4 9. Bb2 Nc6 10. Be2 Rb8 11. Rb1 Bf5 12. Nd2 Nxc3 13. Bxc3 Bxb1 14. Nxb1 e6 15. a3 0-1

[Event "Budapest FS10 FM-B"]
[Site "Budapest"]
[Date "2013.10.10"]
[Round "6"]
[White "Bella, Zsolt"]
[Black "Gruz, Janos"]
[Result "0-1"]
[WhiteElo "1396"]
[BlackElo "1806"]
[PlyCount "96"]
[EventDate "2013.10.05"]
[EventType "tourn"]
[EventRounds "11"]
[EventCountry "HUN"]
[SourceTitle "EXT 2014"]
[Source "ChessBase"]
[SourceDate "2013.11.20"]
[SourceVersion "1"]
[SourceVersionDate "2013.11.20"]
[SourceQuality "1"]

1. c4 f5 2. d4 e6 3. Nc3 Nf6 4. Nf3 d5 5. g3 c6 6. e3 Bd6 7. c5 Bc7 8. b4 Qe7 9. Bb2 0-0 10. Bg2 Bd7 11. Ne5 Be8 12. 0-0 Bh5 13. Ne2 Nbd7 14. Nd3 g5 15. Qd2 Ne4 16. Bxe4 fxe4 17. Ne5 Nxe5 18. dxe5 Bf3 19. Nd4 g4 20. Nxf3 gxf3 21. h4 Rf5 22. Kh2 Bxe5 23. Bxe5 Rxe5 24. Rh1 Rf5 25. Rad1 Qg7 26. Qc2 Raf8 27. Qa4 Rh5 28. Kg1 a6 29. Qc2 Rf6 30. Rh3 Qg4 31. Kh2 Rfh6 32. Rg1 Kf7 33. Qd1 Qf5 34. Qf1 Qe5 35. Rh1 Rxh4 36. Rxh4 Rxh4+ 37. Kg1 Rxh1+ 38. Kxh1 d4 39. exd4 Qxd4 40. Qe1 Qd3 41. Kg1 Qe2 42. Qc1 h5 43. Qf4+ Kg6 44. Qc1 e5 45. Qb1 Kf5 46. a4 Kf6 47. Qc1 e3 48. fxe3 Qg2# 0-1

[Event "Zalakaros op 32nd"]
[Site "Zalakaros"]
[Date "2013.05.23"]
[Round "2"]
[White "Srebrnic, Vojko"]
[Black "Bella, Zsolt"]
[Result "1-0"]
[WhiteElo "2176"]
[BlackElo "1402"]
[PlyCount "99"]
[EventDate "2013.05.22"]
[EventType "swiss"]
[EventRounds "9"]
[EventCountry "HUN"]
[SourceTitle "CBM 154 Extra"]
[Source "ChessBase"]
[SourceDate "2013.06.25"]
[SourceVersion "2"]
[SourceVersionDate "2013.06.25"]
[SourceQuality "1"]

1. e4 g6 2. Nc3 Bg7 3. f4 d6 4. Nf3 Nf6 5. Bc4 0-0 6. d3 Nc6 7. a3 a6 8. 0-0 e5 9. fxe5 dxe5 10. Bg5 h6 11. Bh4 Qd6 12. h3 Be6 13. Bxe6 Qxe6 14. Bxf6 Bxf6 15. Nd5 Bd8 16. Qd2 Ne7 17. Nxe7+ Bxe7 18. Qxh6 Qf6 19. h4 Bd6 20. Ng5 Qg7 21. Qxg7+ Kxg7 22. g4 Be7 23. Kg2 Bxg5 24. hxg5 c5 25. Rf3 a5 26. Rh1 Rh8 27. Rhf1 Rhf8 28. Rf6 Rab8 29. Rb6 Rfc8 30. b3 Rc7 31. a4 Rd8 32. Rb5 Ra8 33. Rf6 Ra7 34. Rfb6 Kf8 35. Kf3 Ke7 36. Ke2 Kd7 37. Kd2 Kc8 38. Kc3 Rc6 39. Rxc6+ bxc6 40. Rxc5 Kd7 41. Rxe5 Kd6 42. Re8 Kd7 43. Rf8 Ke7 44. Rh8 Kd6 45. Kc4 Ra6 46. d4 Rb6 47. c3 Ra6 48. e5+ Ke6 49. Kc5 Ke7 50. Rb8 1-0

[Event "Budapest Karacsonyi op 4th"]
[Site "Budapest"]
[Date "2012.12.30"]
[Round "7"]
[White "Bella, Zsolt"]
[Black "Zsatkovics, Endre"]
[Result "1-0"]
[WhiteElo "1401"]
[BlackElo "1727"]
[PlyCount "50"]
[EventDate "2012.12.27"]
[EventType "swiss"]
[EventRounds "7"]
[EventCountry "HUN"]
[SourceTitle "EXT 2014"]
[Source "ChessBase"]
[SourceDate "2013.11.20"]
[SourceVersion "1"]
[SourceVersionDate "2013.11.20"]
[SourceQuality "1"]

1. d4 Nf6 2. c4 g6 3. Nc3 d5 4. Bg5 Ne4 5. Nxe4 dxe4 6. d5 Bg7 7. Rb1 Bf5 8. e3 Nd7 9. b4 0-0 10. g4 Bc3+ 11. Ke2 Bxg4+ 12. f3 exf3+ 13. Nxf3 Ne5 14. Bg2 Qd7 15. Qc2 Nxf3 16. Bxf3 Bxf3+ 17. Kxf3 Qh3+ 18. Ke2 Qg4+ 19. Kd3 Bxb4 20. Rxb4 Qxg5 21. Qf2 c6 22. e4 cxd5 23. cxd5 e6 24. h4 Qe5 25. Rg1 Qxe4+ 1-0

[Event "Budapest Karacsonyi op 4th"]
[Site "Budapest"]
[Date "2012.12.29"]
[Round "5"]
[White "Bella, Zsolt"]
[Black "Papp, Laszlo2222"]
[Result "0-1"]
[WhiteElo "1401"]
[BlackElo "1815"]
[PlyCount "100"]
[EventDate "2012.12.27"]
[EventType "swiss"]
[EventRounds "7"]
[EventCountry "HUN"]
[SourceTitle "EXT 2014"]
[Source "ChessBase"]
[SourceDate "2013.11.20"]
[SourceVersion "1"]
[SourceVersionDate "2013.11.20"]
[SourceQuality "1"]

1. d4 Nf6 2. c4 g6 3. Nc3 d5 4. Nf3 Bg7 5. Bg5 c6 6. Bxf6 Bxf6 7. cxd5 cxd5 8. g3 Nc6 9. Bg2 a6 10. 0-0 0-0 11. e3 Bf5 12. Qb3 e6 13. Nd2 Na5 14. Qd1 Bd3 15. Re1 Bb5 16. Nxb5 axb5 17. b3 Qd6 18. Nf3 Nc6 19. Bf1 Ra5 20. Qd2 Rc8 21. Rec1 Rca8 22. Rc5 Kg7 23. Bxb5 Ne7 24. a4 b6 25. Rc2 Rxb5 26. axb5 Rxa1+ 27. Kg2 Ra5 28. Qd3 Qb4 29. e4 dxe4 30. Qxe4 Rxb5 31. Rd2 Qxb3 32. Rd3 Qd5 33. Qe2 Nf5 34. Kh3 Nxd4 35. Rxd4 Bxd4 36. Nxd4 Qh5+ 37. Qxh5 Rxh5+ 38. Kg2 b5 39. h4 Rd5 40. Nc2 e5 41. Kf3 f5 42. Ke3 h6 43. f3 g5 44. h5 Rc5 45. Nb4 Rc4 46. Nd5 b4 47. Nb6 Rc3+ 48. Ke2 b3 49. Na4 Rc2+ 50. Kd1 Rf2 0-1

[Event "Budapest Karacsonyi op 4th"]
[Site "Budapest"]
[Date "2012.12.28"]
[Round "2"]
[White "Ronyai, Imre"]
[Black "Bella, Zsolt"]
[Result "1-0"]
[WhiteElo "1640"]
[BlackElo "1401"]
[PlyCount "116"]
[EventDate "2012.12.27"]
[EventType "swiss"]
[EventRounds "7"]
[EventCountry "HUN"]
[SourceTitle "EXT 2014"]
[Source "ChessBase"]
[SourceDate "2013.11.20"]
[SourceVersion "1"]
[SourceVersionDate "2013.11.20"]
[SourceQuality "1"]

1. e4 g6 2. d4 d6 3. Nc3 Bg7 4. f4 Nc6 5. Nf3 Bg4 6. Be3 a6 7. Bc4 b5 8. Bxf7+ Kxf7 9. Ng5+ Ke8 10. Qxg4 Qc8 11. Qd1 Nd8 12. 0-0 Nf6 13. Qd3 h6 14. Nf3 Qe6 15. Rae1 b4 16. Nd5 Nxd5 17. exd5 Qxd5 18. Qxg6+ Qf7 19. Qe4 c6 20. Bd2 Rb8 21. Nh4 d5 22. Qd3 a5 23. Nf5 Nb7 24. c3 bxc3 25. Bxc3 Rf8 26. Rxe7+ Qxe7 27. Nxe7 Kxe7 28. Qg6 Bf6 29. Re1+ Kd7 30. Qh7+ Kd6 31. Qxh6 Rf7 32. f5 Rbf8 33. Qf4+ Kd7 34. g4 Bd8 35. Qh6 Rf6 36. Qe3 Nd6 37. Qg5 Ne4 38. Qg7+ R8f7 39. Qh8 Rf8 40. Qh3 Ng5 41. Qf1 Bc7 42. Qa6 Nf3+ 43. Kg2 Nxe1+ 44. Bxe1 Rb8 45. b3 Rh6 46. h3 Rd6 47. Bxa5 c5 48. Qa7 Rc6 49. dxc5 Kc8 50. Kf3 Be5 51. Qe7 Bf6 52. Qf7 d4 53. Bd2 Ra8 54. Bf4 d3 55. g5 Bc3 56. Qd5 Kb7 57. Qxd3 Rxc5 58. Qe4+ Rc6 1-0

[Event "Budapest FS10 FM-B"]
[Site "Budapest"]
[Date "2012.10.08"]
[Round "2"]
[White "Bella, Zsolt"]
[Black "Nemeth, Otto"]
[Result "0-1"]
[WhiteElo "1358"]
[BlackElo "1802"]
[PlyCount "136"]
[EventDate "2012.10.06"]
[EventType "tourn"]
[EventRounds "11"]
[EventCountry "HUN"]
[SourceTitle "EXT 2013"]
[Source "ChessBase"]
[SourceDate "2012.11.22"]
[SourceVersion "1"]
[SourceVersionDate "2012.11.22"]
[SourceQuality "1"]

1. d4 Nf6 2. c4 e5 3. Bg5 h6 4. dxe5 hxg5 5. exf6 Qxf6 6. Nc3 Bb4 7. Rc1 Qf4 8. e3 Qf6 9. a3 Bxc3+ 10. Rxc3 Nc6 11. g3 d6 12. Bg2 Bd7 13. Ne2 Bh3 14. Bxh3 Rxh3 15. Ng1 Rh6 16. Qg4 Ne5 17. Qe4 0-0-0 18. Rb3 Nc6 19. Qg4+ Kb8 20. Nf3 Rg6 21. 0-0 a6 22. Rd1 Qe7 23. Qf5 Rh8 24. Qd5 Kc8 25. Qf5+ Qe6 26. Qxe6+ fxe6 27. Rbd3 e5 28. e4 Rf8 29. Kg2 g4 30. Nh4 Rgf6 31. R1d2 Nd4 32. Nf5 Nxf5 33. exf5 Rxf5 34. c5 e4 35. Rd5 dxc5 36. Rxf5 Rxf5 37. Re2 Re5 38. h3 gxh3+ 39. Kxh3 Kd7 40. Kg4 Ke6 41. Re3 b5 42. Re2 g5 43. Rd2 e3 44. fxe3 Rxe3 45. Rd8 Rb3 46. Rd2 c4 47. Kxg5 Rxg3+ 48. Kf4 Rb3 49. Ke4 a5 50. Rc2 c5 51. Rh2 Rd3 52. Rh6+ Kd7 53. Ke5 Rd2 54. Rh7+ Kc6 55. Rh6+ Kc7 56. Rh7+ Rd7 57. Rxd7+ Kxd7 58. Kd5 b4 59. Kxc4 bxa3 60. bxa3 Kc6 61. a4 Kd6 62. Kb5 Kd5 63. Kxa5 c4 64. Kb6 c3 65. a5 c2 66. a6 c1Q 67. a7 Qc6+ 68. Ka5 Qb7 0-1

[Event "Budapest op 08"]
[Site "Budapest"]
[Date "2012.08.21"]
[Round "4"]
[White "Szonyi, Bence"]
[Black "Bella, Zsolt"]
[Result "1-0"]
[WhiteElo "1614"]
[BlackElo "1369"]
[PlyCount "53"]
[EventDate "2012.08.18"]
[EventType "swiss"]
[EventRounds "9"]
[EventCountry "HUN"]
[SourceTitle "EXT 2014"]
[Source "ChessBase"]
[SourceDate "2013.11.20"]
[SourceVersion "1"]
[SourceVersionDate "2013.11.20"]
[SourceQuality "1"]

1. e4 d6 2. d4 g6 3. Nf3 Bg7 4. c4 Nc6 5. d5 Ne5 6. Nxe5 Bxe5 7. Be2 Bg7 8. 0-0 e5 9. Nc3 Nf6 10. Be3 b6 11. b4 0-0 12. c5 Rb8 13. c6 a6 14. a4 Ne8 15. b5 a5 16. Qd2 f5 17. f4 Qe7 18. exf5 exf4 19. Rxf4 Bxc3 20. Qxc3 Rxf5 21. Rxf5 Bxf5 22. Re1 Qf7 23. Bf3 Nf6 24. Bd4 Nxd5 25. Bxd5 Qxd5 26. Re7 g5 27. Bf2 1-0

[Event "Budapest op 08"]
[Site "Budapest"]
[Date "2012.08.18"]
[Round "1"]
[White "Bella, Zsolt"]
[Black "Berta, Sandor Martin"]
[Result "0-1"]
[WhiteElo "1369"]
[BlackElo "1891"]
[PlyCount "56"]
[EventDate "2012.08.18"]
[EventType "swiss"]
[EventRounds "9"]
[EventCountry "HUN"]
[SourceTitle "EXT 2014"]
[Source "ChessBase"]
[SourceDate "2013.11.20"]
[SourceVersion "1"]
[SourceVersionDate "2013.11.20"]
[SourceQuality "1"]

1. c4 e6 2. d4 d5 3. Nc3 Nf6 4. g3 c6 5. Bg5 Be7 6. Qc2 Nbd7 7. c5 0-0 8. Bg2 b6 9. b4 e5 10. Nf3 exd4 11. Nxd4 Bb7 12. Nf5 bxc5 13. Nxe7+ Qxe7 14. b5 h6 15. Bxf6 Nxf6 16. 0-0 Rac8 17. a4 Rfe8 18. e3 Red8 19. Rfe1 Qd7 20. Rad1 cxb5 21. axb5 d4 22. Bxb7 Qxb7 23. exd4 cxd4 24. Qb1 dxc3 25. Rxd8+ Rxd8 26. Rc1 Qf3 27. Qb3 Ne4 28. Rf1 Nd2 0-1

[Event "Budapest FS06 FM-B"]
[Site "Budapest"]
[Date "2012.06.06"]
[Round "5"]
[White "Bella, Zsolt"]
[Black "Karaiskakis, Petros"]
[Result "0-1"]
[WhiteElo "1416"]
[BlackElo "1751"]
[PlyCount "84"]
[EventDate "2012.06.02"]
[EventType "tourn"]
[EventRounds "10"]
[EventCountry "HUN"]
[SourceTitle "CBM 148 Extra"]
[Source "ChessBase"]
[SourceDate "2012.06.22"]
[SourceVersion "1"]
[SourceVersionDate "2012.06.22"]
[SourceQuality "1"]

1. c4 e5 2. d4 exd4 3. Qxd4 Nf6 4. Nc3 Nc6 5. Qe3+ Be7 6. a3 0-0 7. g3 d5 8. cxd5 Nxd5 9. Qd2 Nb6 10. Qxd8 Rxd8 11. e3 Ne5 12. b3 Bg4 13. Be2 Nd3+ 14. Bxd3 Rxd3 15. Bb2 Bf6 16. Nge2 Rad8 17. 0-0 Bxe2 18. Rfc1 Bf3 19. Kf1 Nd5 20. Nd1 Bxb2 21. Nxb2 Rxb3 22. Nd1 c6 23. Rab1 Rxb1 24. Rxb1 Nb6 25. Ke1 Rxd1+ 26. Rxd1 Bxd1 27. Kxd1 Kf8 28. Kc2 Ke7 29. Kd3 Ke6 30. e4 c5 31. f4 g6 32. g4 f5 33. h3 a6 34. g5 fxe4+ 35. Kxe4 Nc4 36. a4 b5 37. axb5 axb5 38. h4 Nd6+ 39. Kf3 Kf5 40. Kg3 b4 41. h5 b3 42. h6 b2 0-1

[Event "Budapest FS06 FM-B"]
[Site "Budapest"]
[Date "2012.06.05"]
[Round "4"]
[White "Nemeth, Otto"]
[Black "Bella, Zsolt"]
[Result "1-0"]
[WhiteElo "1858"]
[BlackElo "1416"]
[PlyCount "107"]
[EventDate "2012.06.02"]
[EventType "tourn"]
[EventRounds "10"]
[EventCountry "HUN"]
[SourceTitle "CBM 148 Extra"]
[Source "ChessBase"]
[SourceDate "2012.06.22"]
[SourceVersion "1"]
[SourceVersionDate "2012.06.22"]
[SourceQuality "1"]

1. e4 g6 2. d4 d6 3. f3 Bg7 4. c3 Nc6 5. Be3 e5 6. d5 Nce7 7. Nd2 Nf6 8. Qa4+ Bd7 9. Bb5 c6 10. dxc6 Bxc6 11. 0-0-0 0-0 12. Nc4 Ne8 13. Bg5 f6 14. Be3 a6 15. Bxc6 Nxc6 16. Qa3 Rf7 17. Ne2 Bf8 18. Qb3 Kg7 19. h4 h5 20. g4 b5 21. Nb6 Rb8 22. Nd5 Na5 23. Qc2 Nc4 24. Bf2 Kh7 25. b3 Nb6 26. Bxb6 Rxb6 27. Nxb6 Qxb6 28. Kb2 Rc7 29. gxh5 gxh5 30. Qd3 Qa5 31. b4 Qb6 32. Kb3 a5 33. a3 a4+ 34. Kb2 Qf2 35. Kb1 Kh8 36. Rdf1 Qb6 37. Ng3 Ng7 38. Kb2 Qb8 39. f4 Qe8 40. f5 Qf7 41. Qd5 Qd7 42. Rfg1 Qe8 43. Nf1 Qc8 44. Qd3 Rc4 45. Ne3 Rc6 46. Nd5 Ne8 47. Rg6 Qb7 48. Rhg1 Bg7 49. Qe2 Qf7 50. Qxh5+ Kg8 51. Qe2 Rc4 52. h5 Kh7 53. Qe3 Nc7 54. Rxg7+ 1-0

[Event "Budapest FS06 FM-B"]
[Site "Budapest"]
[Date "2012.06.02"]
[Round "1"]
[White "Bella, Zsolt"]
[Black "Lukacs, Albert"]
[Result "0-1"]
[WhiteElo "1416"]
[BlackElo "1776"]
[PlyCount "68"]
[EventDate "2012.06.02"]
[EventType "tourn"]
[EventRounds "10"]
[EventCountry "HUN"]
[SourceTitle "CBM 148 Extra"]
[Source "ChessBase"]
[SourceDate "2012.06.22"]
[SourceVersion "1"]
[SourceVersionDate "2012.06.22"]
[SourceQuality "1"]

1. d4 d5 2. c4 e6 3. Nf3 Nf6 4. Nc3 a6 5. g3 dxc4 6. Bg2 Nc6 7. Bf4 Nd5 8. a3 Bd6 9. Nxd5 exd5 10. Bxd6 Qxd6 11. Qc2 Qf6 12. Qc3 Bf5 13. 0-0 Be4 14. Rad1 Rd8 15. Rfe1 0-0 16. Ne5 Bxg2 17. Nxc6 Qxc6 18. Kxg2 Rfe8 19. Rc1 h5 20. Qf3 Qg6 21. h4 Re4 22. Rh1 Rxd4 23. Rcd1 c5 24. e3 Rd3 25. Qe2 Re8 26. Rhe1 Qe4+ 27. Qf3 Qe5 28. Rxd3 cxd3 29. b3 Qc3 30. Rb1 d4 31. b4 Qc2 32. Qd1 dxe3 33. Qxc2 dxc2 34. Rc1 e2 0-1

[Event "Budapest Karacsonyi op 3rd"]
[Site "Budapest"]
[Date "2011.12.30"]
[Round "7"]
[White "Bella, Zsolt"]
[Black "Szmodics, Levente"]
[Result "0-1"]
[WhiteElo "1457"]
[BlackElo "1352"]
[PlyCount "112"]
[EventDate "2011.12.27"]
[EventType "swiss"]
[EventRounds "7"]
[EventCountry "HUN"]
[SourceTitle "EXT 2020"]
[Source "ChessBase"]
[SourceDate "2019.10.17"]
[SourceVersion "1"]
[SourceVersionDate "2019.10.17"]
[SourceQuality "1"]

1. c4 Nf6 2. Nc3 d5 3. d4 dxc4 4. Qa4+ c6 5. Qxc4 Bf5 6. Nf3 e6 7. Bg5 Be7 8. Bxf6 Bxf6 9. e4 Bg6 10. Qb4 Qc7 11. e5 Be7 12. Qb3 0-0 13. Rc1 a6 14. d5 cxd5 15. Be2 Nc6 16. 0-0 Rad8 17. Rfd1 f6 18. Nxd5 exd5 19. Rxd5 Bf7 20. Bc4 Bxd5 21. Bxd5+ Kh8 22. Nd4 Nxd4 23. Rxc7 Nxb3 24. Bxb3 Rc8 25. Rxc8 Rxc8 26. g3 fxe5 27. Bd5 b6 28. Bb7 Rc2 29. Bxa6 Rxb2 30. Bc4 b5 31. Bb3 Bc5 32. Kg2 Rxf2+ 33. Kh3 e4 34. a4 bxa4 35. Bxa4 g5 36. Bb5 h5 37. g4 Rf3+ 38. Kg2 hxg4 39. Bc4 e3 40. Bb5 Rf2+ 41. Kg3 Rb2 42. Bc4 Kg7 43. h4 Be7 44. hxg5 Bxg5 45. Bd3 Kf6 46. Kxg4 e2 47. Bxe2 Rxe2 48. Kf3 Re5 49. Kg4 Rf5 50. Kg3 Rf4 51. Kg2 Kf5 52. Kg3 Bh4+ 53. Kg2 Kg4 54. Kh2 Rf3 55. Kg2 Bg3 56. Kg1 Kh3 0-1

[Event "Budapest Karacsonyi op 3rd"]
[Site "Budapest"]
[Date "2011.12.28"]
[Round "2"]
[White "Ronyai, Imre"]
[Black "Bella, Zsolt"]
[Result "1-0"]
[WhiteElo "1725"]
[BlackElo "1457"]
[PlyCount "117"]
[EventDate "2011.12.27"]
[EventType "swiss"]
[EventRounds "7"]
[EventCountry "HUN"]
[SourceTitle "EXT 2020"]
[Source "ChessBase"]
[SourceDate "2019.10.17"]
[SourceVersion "1"]
[SourceVersionDate "2019.10.17"]
[SourceQuality "1"]

1. e4 d6 2. d4 g6 3. Bc4 Bg7 4. Nf3 Nc6 5. Be3 a6 6. a3 e5 7. c3 Nf6 8. dxe5 Nxe4 9. Qd5 Be6 10. Qxe4 Bxc4 11. Qxc4 Nxe5 12. Nxe5 Bxe5 13. Nd2 0-0 14. Nf3 d5 15. Qd3 Bf6 16. 0-0 c6 17. g3 Kg7 18. Kg2 Re8 19. h4 h5 20. Ng5 Qd7 21. Bd4 Bxd4 22. Qxd4+ f6 23. b4 Qf5 24. Rae1 Kg8 25. Nf3 Re4 26. Rxe4 dxe4 27. Nd2 Re8 28. Re1 Qd5 29. Nxe4 Qxd4 30. cxd4 Kg7 31. Re3 Re7 32. Nc5 Rf7 33. Re8 f5 34. Kf3 Kf6 35. Kf4 Rg7 36. Ne6 Rd7 37. Nc5 Rxd4+ 38. Ke3 Rd1 39. Re6+ Kf7 40. Kf4 b6 41. Rxc6 bxc5 42. bxc5 Rd4+ 43. Kg5 Rg4+ 44. Kh6 a5 45. Ra6 f4 46. c6 fxg3 47. fxg3 Rc4 48. c7 Rxc7 49. Rxg6 Rc3 50. Kxh5 Rxa3 51. Kh6 Ra4 52. h5 Re4 53. g4 Re6 54. Rxe6 Kxe6 55. Kg6 a4 56. h6 a3 57. h7 a2 58. h8Q Ke7 59. Qb2 1-0

[Event "Budapest FS11 FM-C"]
[Site "Budapest"]
[Date "2011.11.14"]
[Round "10"]
[White "Bella, Zsolt"]
[Black "Nagy, Peter1111"]
[Result "1-0"]
[WhiteElo "1457"]
[BlackElo "1575"]
[PlyCount "31"]
[EventDate "2011.11.05"]
[EventType "tourn"]
[EventRounds "11"]
[EventCountry "HUN"]
[SourceTitle "EXT 2012"]
[Source "ChessBase"]
[SourceDate "2011.11.24"]
[SourceVersion "1"]
[SourceVersionDate "2011.11.24"]
[SourceQuality "1"]

1. c4 e5 2. b4 Bxb4 3. Bb2 Nc6 4. a3 Bc5 5. e3 Qe7 6. Qg4 Nf6 7. Qxg7 Rg8 8. Qh6 d6 9. Bd3 Be6 10. g3 0-0-0 11. Be2 Kb8 12. Qh4 Rg6 13. d4 exd4 14. exd4 Bxd4 15. Bxd4 Bxc4 16. Bxf6 1-0

[Event "Budapest FS11 FM-C"]
[Site "Budapest"]
[Date "2011.11.05"]
[Round "1"]
[White "Bella, Zsolt"]
[Black "Somogyi, Kristof"]
[Result "1-0"]
[WhiteElo "1457"]
[BlackElo "1375"]
[PlyCount "67"]
[EventDate "2011.11.05"]
[EventType "tourn"]
[EventRounds "11"]
[EventCountry "HUN"]
[SourceTitle "EXT 2012"]
[Source "ChessBase"]
[SourceDate "2011.11.24"]
[SourceVersion "1"]
[SourceVersionDate "2011.11.24"]
[SourceQuality "1"]

1. e4 e5 2. Nf3 Nc6 3. a3 a5 4. Nc3 Nf6 5. Bb5 Bd6 6. 0-0 0-0 7. Bxc6 bxc6 8. d4 Re8 9. Re1 c5 10. d5 c6 11. Bg5 h6 12. Bxf6 Qxf6 13. Na4 Ra6 14. g3 Bb7 15. c4 Be7 16. Nh4 Rd8 17. Nf5 Bf8 18. d6 Re8 19. Nxc5 Rb6 20. Nxd7 Qg6 21. Nxb6 Re6 22. c5 Ba6 23. d7 Qf6 24. Qg4 Bd3 25. Rad1 Bc2 26. Rd2 Bb3 27. d8Q Qxd8 28. Rxd8 Rg6 29. Ne7+ Kh7 30. Nxg6 fxg6 31. Rxf8 Bg8 32. Rd1 h5 33. Qc8 Bb3 34. Rh8# 1-0

[Event "Budapest FS08 FM-C"]
[Site "Budapest"]
[Date "2011.08.11"]
[Round "6"]
[White "Mihajlova, Diana"]
[Black "Bella, Zsolt"]
[Result "1-0"]
[WhiteElo "1443"]
[BlackElo "1471"]
[PlyCount "69"]
[EventDate "2011.08.06"]
[EventType "tourn"]
[EventRounds "10"]
[EventCountry "HUN"]
[SourceTitle "CBM 143 Extra"]
[Source "ChessBase"]
[SourceDate "2011.08.29"]
[SourceVersion "1"]
[SourceVersionDate "2011.08.29"]
[SourceQuality "1"]

1. e4 d6 2. Nf3 g6 3. Bc4 Bg7 4. d4 Nc6 5. Ng5 Bh6 6. Nxf7 Qd7 7. Nxh8 Bg7 8. Nf7 h6 9. 0-0 e6 10. Nxh6 Nxh6 11. Bb5 a6 12. Bd3 Qf7 13. Bxh6 Bxh6 14. e5 dxe5 15. Qg4 g5 16. Be4 Bd7 17. Bxc6 Bxc6 18. dxe5 0-0-0 19. Nc3 Rg8 20. Rad1 Bd7 21. Qd4 b6 22. Ne4 Bf8 23. Nf6 Rg7 24. Ne4 Be7 25. Qxd7+ Kb8 26. Rd3 Qg6 27. Rc3 Bf6 28. Qc6 Bxe5 29. Rf3 Rg8 30. Rd1 g4 31. Rfd3 Ka7 32. Rd8 Rxd8 33. Rxd8 Bxh2+ 34. Kxh2 Qh6+ 35. Kg3 1-0

[Event "Budapest FS08 FM-C"]
[Site "Budapest"]
[Date "2011.08.07"]
[Round "2"]
[White "Bella, Zsolt"]
[Black "Vujosevics, Eszter"]
[Result "0-1"]
[WhiteElo "1471"]
[BlackElo "1431"]
[PlyCount "122"]
[EventDate "2011.08.06"]
[EventType "tourn"]
[EventRounds "10"]
[EventCountry "HUN"]
[SourceTitle "CBM 143 Extra"]
[Source "ChessBase"]
[SourceDate "2011.08.29"]
[SourceVersion "1"]
[SourceVersionDate "2011.08.29"]
[SourceQuality "1"]

1. d4 d5 2. g3 Nf6 3. Bg2 Nc6 4. Nc3 Bf5 5. e3 e6 6. a3 Be7 7. Nf3 0-0 8. 0-0 Bg4 9. h3 Bh5 10. Qd3 Bg6 11. Qd2 Ne4 12. Nxe4 Bxe4 13. c3 Na5 14. Qd1 f6 15. Re1 c6 16. Bf1 b5 17. Nd2 Bg6 18. b3 Nb7 19. e4 Nd6 20. Bg2 a6 21. a4 Rb8 22. exd5 exd5 23. Ba3 f5 24. c4 b4 25. Bc1 Ne4 26. Nxe4 fxe4 27. Bf4 Rb7 28. c5 Qd7 29. a5 Bd8 30. Bf1 Ra7 31. Kg2 Bf5 32. Kh2 Rf6 33. Re2 Bc7 34. Bxc7 Rxc7 35. Qd2 Rh6 36. h4 Bg4 37. Ree1 Bf3 38. Bh3 Qe7 39. Qf4 Rf6 40. Qd2 h6 41. Re3 Qe8 42. Qxb4 Rcf7 43. Ra2 Bh5 44. Qe1 Qf8 45. Kg1 Bf3 46. Qf1 Rg6 47. Kh2 Rgf6 48. Bg2 Bg4 49. Kg1 Rf5 50. b4 R5f6 51. Rb2 Qc8 52. Qe1 Rg6 53. Rc3 Bh3 54. Bh1 Qg4 55. Kh2 Rgf6 56. Rcc2 g5 57. hxg5 hxg5 58. Qe3 Qh5 59. Rc1 Rh6 60. Kg1 Bg4 61. f3 Qxh1+ 0-1